La vegetación en los alrededores de la capital de México, (Record no. 8366)

MARC details
000 -LEADER
fixed length control field 00692cam a22002171 4500
001 - CONTROL NUMBER
control field agr15000224
003 - CONTROL NUMBER IDENTIFIER
control field DLC
005 - DATE AND TIME OF LATEST TRANSACTION
control field 20260227110937.0
008 - FIXED-LENGTH DATA ELEMENTS--GENERAL INFORMATION
fixed length control field 780316s1914 mx ab b 000 0 spa c
010 ## - LIBRARY OF CONGRESS CONTROL NUMBER
LC control number agr15000224
035 ## - SYSTEM CONTROL NUMBER
System control number (OCoLC)3722468
040 ## - CATALOGING SOURCE
Original cataloging agency Library, U.S. Dept. of Agriculture
Transcribing agency TU
Modifying agency OCoLC
-- DLC
042 ## - AUTHENTICATION CODE
Authentication code premarc
050 00 - LIBRARY OF CONGRESS CALL NUMBER
Classification number QK211
Item number .R42
100 1# - MAIN ENTRY--PERSONAL NAME
Personal name Reiche, Karl Friedrich,
Dates associated with a name 1860-
245 03 - TITLE STATEMENT
Title La vegetación en los alrededores de la capital de México,
Statement of responsibility, etc. por Carlos Reiche.
260 ## - PUBLICATION, DISTRIBUTION, ETC.
Place of publication, distribution, etc. México,
Name of publisher, distributor, etc. Tipografía económica,
Date of publication, distribution, etc. 1914.
300 ## - PHYSICAL DESCRIPTION
Extent 143 p., 2 l.
Other physical details illus., fold. map.
Dimensions 25 cm.
504 ## - BIBLIOGRAPHY, ETC. NOTE
Bibliography, etc. note "Literatura consultada": p. [3]
650 #0 - SUBJECT ADDED ENTRY--TOPICAL TERM
Topical term or geographic name entry element Botany
Geographic subdivision Mexico.

No items available.

Powered by Koha